000 00347nam a2200157Ia 4500
003 0STCL
008 150530s9999 xx 000 0 und d
040 _aSTCL
_cSTCL
100 _aGarber, E.D.
245 _aCytogenetics an introduction
260 _c1974
546 _aEnglish
942 _2ddc
_cBK
999 _c38074
_d38074
005 20220125170435.0